| 000 | 00799nam a2200229u 4500 | ||
|---|---|---|---|
| 001 | 000001504 | ||
| 005 | 20200929145612.0 | ||
| 008 | 831117s1935 sp bc 001 0 spa d | ||
| 040 |
_aDO-SdBNP _cCarP _dDLC _dBNPHU |
||
| 043 | _ae-sp | ||
| 082 |
_annnn _bM294a |
||
| 100 | 1 |
_aDomínguez Bordona, Jesús, _94969 |
|
| 245 | 1 | 0 |
_aManuscritos de América / _cJesús Domínguez Bordona. |
| 260 |
_aMadrid : _bTalleres de Blass, _c1935. |
||
| 300 |
_aviii, 250, [1] p. ; _c27cm. |
||
| 490 | 1 |
_aCatálogo de la Biblioteca de Palacio _v9 |
|
| 650 | 0 |
_aManuscripts _zSpain _xCatalogs. [from old catalog] _94970 |
|
| 651 | 0 |
_aAmerica _xHistory _xSources _xBibliography. [From Old Catalog] _94971 |
|
| 830 | 0 |
_aCatálogo de la Biblioteca de Palacio ; _v9 _94972 |
|
| 910 | _aCatalogación derivada | ||
| 049 | _aBNGR | ||
| 999 |
_c1409 _d1409 |
||